| 000 | 01834nam a2200265 a 4500 | ||
|---|---|---|---|
| 001 | 77927 | ||
| 003 | BD-RjUL | ||
| 005 | 20211209083052.0 | ||
| 008 | 210211s2011 bg a|||| m||| 00| 0 ben d | ||
| 035 | _a(BD-RjUL)78153 | ||
| 040 |
_aBD-RjUL _bben /eng _cBD-RjUL _dBD-RjUL |
||
| 041 | _aben | ||
| 082 |
_a379.5414 _bASB 2011 _223 |
||
| 100 |
_aআসাদুল্লাহ, আবু নোমান মো. _9244752 |
||
| 245 | 1 | 0 |
_aবাংলার সুলতানি শাসনপর্বে শিক্ষার প্রকৃতি ও ধারা (১২০০-১৫৭৬ খ্রিষ্টাব্দ ) / _cআবু নোমান মো. আসাদুল্লাহ ; _6গবেষণা তত্ত্বাবধায়ক : এ. কে. এম. ইয়াকুব আলী |
| 260 |
_aরাজশাহী : _bইসলামের ইতিহাস ও সংস্কৃতি বিভাগ, রাজশাহী বিশ্ববিদ্যালয়, _c২০১১ |
||
| 300 |
_aix, ২৭৯ পাতা : _bচিএ ; _c২৯ সেমি. |
||
| 502 | _aথিসিস (পিএইচ. ডি.) -- ইসলামের ইতিহাস ও সংস্কৃতি বিভাগ, রাজশাহী বিশ্ববিদ্যালয়, ২০১১ | ||
| 504 | _aগ্রন্থপঞ্জি : পাতা ২৬০-২৭৯ | ||
| 600 |
_a _c _d _9244887 |
||
| 650 |
_aশিক্ষা _zভারত _zবঙ্গ _xইতিহাস _y১২০০-১৫৭৬ খ্রীষ্টাব্দ _9244778 |
||
| 650 |
_aEducation _zIndia _zBengal _xHistory _y1200-1576 A. D. _9244779 |
||
| 700 |
_aআলী, এ. কে. এম. ইয়াকুব, গবেষণা তত্ত্বাবধায়ক _9244755 |
||
| 942 |
_2ddc _cTHE |
||
| 999 |
_c77927 _d77927 |
||